000 00552nam a2200205Ia 4500
005 20260429111942.0
008 260429s9999||||xx |||||||||||||| ||und||
020 _a9789391382841
041 _aEnglish
082 _a551.41
_bGUP
100 _aGupta, Sanjay
245 0 _aElementary geomorphology :
_bforms and processes /
_cSanjay Gupta
250 _a1st ed.
260 _aNew Delhi :
_bSwastik Publications,
_c2024.
300 _aviii, 244 p.; hb
650 _a Geology
650 _a Geomorphology
650 _aEarth science
942 _cTB
999 _c51590
_d51590